Szczegóły MARC21

Systemy zarządzania jakością w organizacjach /

003 -Nazwa inst., której nr kontr. jest w polu 001 [,]
    • @
    • Nazwa instytucji, której n kontrolny jest w polu 001
    • NUKAT
005 -DATA I CZAS OSTATNIEJ MODYFIKACJI [,]
    • @
    • pole kontrolne
    • 20241231111727.0
020 -Międzynarod. znormalizowany nr książki - ISBN [ , ]
    • a
    • Numer ISBN
    • 9788360965023 Find
040 -Instytucja sporządzająca opis [ , ]
    • a
    • Instytucja, która sporządziła opis (NP)
    • SZCZ M/MH
    • c
    • Instytucja, która sporządziła rekord (NP)
    • SZCZ M/MH
    • d
    • Instytucja, która zmodyfikowała rekord (P)
    • GD U/AEKs
942 -Rodzaj dokumentu [ , ]
    • c
    • Rodzaj dokumentu
    • Książka
100 -Hasło główne - nazwa osobowa [1, ]
    • a
    • Nazwa osobowa (NP)
    • Szkoda, Jerzy.
    • 9
    • KHW
    • 70022
245 -Strefa tytułu i oznaczenia odpowiedzialności [1,0]
    • a
    • Tytuł
    • Systemy zarządzania jakością w organizacjach / Find
    • c
    • Pozostałe elementy strefy tytułu i oznaczenia odpowiedzialności (NP)
    • Jerzy Szkoda.
260 -Strefa adresu wydawniczego [ , ]
    • a
    • Miejsce wydania (P)
    • Warszawa :
    • b
    • Nazwa wydawcy (P)
    • Instytut Transportu Samochodowego,
    • c
    • Data wydania (P)
    • cop. 2012.
300 -Strefa opisu fizycznego [ , ]
    • a
    • Określenie formy książki i/lub objętość (NP)
    • 459 s. :
    • b
    • Oznaczenie ilustracji (NP)
    • il. ;
    • c
    • Format (NP)
    • 25 cm.
336 -Typ zawartości [ , ]
    • a
    • Termin opisujący typ zawartości
    • Tekst
    • b
    • Kod określający zawartość
    • txt
    • 2
    • Źródło (terminu i kodu)
    • rdacontent
337 -Typ mediów [ , ]
    • a
    • Tryb odtwarzania
    • Bez urządzenia pośredniczącego
    • b
    • Kod typu mediów
    • n
    • 2
    • Źródło (terminu i kodu)
    • rdamedia
338 -Typ/rodzaj nośnika [ , ]
    • a
    • Hasło opisujące typ nośnika
    • Wolumin
    • b
    • Kod typu nośnika
    • nc
    • 2
    • Źródło (terminu i kodu)
    • rdacarrier
504 -Uwaga dot. bibliogr. załącznikowej [ , ]
    • a
    • Uwaga dot. bibliografii załącznikowej
    • Bibliogr. s. 453-459.
080 -Uniwersalna Klasyfikacja Dziesiętna [ , ]
    • 2
    • Identyfikator wydania tablic
    • UDC-P058
    • 9
    • UKD
    • 2207
    • a
    • Symbol klasyfikacji
    • 005.6
    • b
    • Dopowiedzenie
    • Zarządzanie. Zarządzanie jakością. TQM.
080 -Uniwersalna Klasyfikacja Dziesiętna [ , ]
    • 2
    • Identyfikator wydania tablic
    • UDC-P058
    • 9
    • UKD
    • 2175
    • a
    • Symbol klasyfikacji
    • 005.336.3
    • b
    • Dopowiedzenie
    • Zarządzanie. Jakość.
080 -Uniwersalna Klasyfikacja Dziesiętna [ , ]
    • 2
    • Identyfikator wydania tablic
    • UDC-P058
    • 9
    • UKD
    • 5602
    • a
    • Symbol klasyfikacji
    • 658.1/.5:005.2
    • b
    • Dopowiedzenie
    • Zarządzanie strategiczne przedsiębiorstwa.
650 -Hasło przedmiotowe [ ,7]
    • a
    • Hasło przedmiotowe
    • Zarządzanie jakością.
    • 2
    • Źródło terminu
    • kaba
    • 9
    • KHW
    • 137465
650 -Hasło przedmiotowe [ ,7]
    • a
    • Hasło przedmiotowe
    • Kontrola jakości.
    • 2
    • Źródło terminu
    • kaba
    • 9
    • KHW
    • 112597
650 -Hasło przedmiotowe [ ,7]
    • a
    • Hasło przedmiotowe
    • Zarządzanie jakością
    • x
    • Określnik rzeczowy
    • normy.
    • 2
    • Źródło terminu
    • kaba
    • 9
    • KHW
    • 380500
650 -Hasło przedmiotowe [ ,7]
    • a
    • Hasło przedmiotowe
    • Zarządzanie jakością
    • z
    • Określnik geograficzny
    • Kraje Unii Europejskiej.
    • 2
    • Źródło terminu
    • kaba
    • 9
    • KHW
    • 382979
980 -Symbol UKD [ , ]
    • a
    • UKD
    • 005.6:005.336.3:658.1/.5:005.2
920 -ISBN [ , ]
    • a
    • ISBN
    • 978-83-60965-02-3 Find
Numer inwentarzowy Status udost. Lokalizacja Data inwentaryzacji
T.15058-2T2014-02-28